000 01021nam a22003257a 4500
003 CHAP
005 20220329140351.0
008 971013s1979 r 00010 d
010 _a50988
011 _a51960
035 _a56110
040 _cCHAP
082 _a519.2
_bW33Y
100 0 0 _aWadsworth, G. P.
_9120763
245 _aAplicaciones de la teorĂ­a de probabilidades y variables aleatorias
260 _aMadrid :
_bAlhambra,
_c1979
300 _a618 p.
490 _aExedra
_v; 126
590 _aBATCH-UPD
_b10
_c20130110
_lUCH01
_h0449
590 _aBATCH-UPD
_b10
_c20130110
_lUCH01
_h2238
590 _aCONVERSION
_b10
_c20130109
_lUCH01
_h1328
650 1 4 _aProbabilidades.
_991687
650 1 4 _aVariables al azar.
_9118138
700 0 _aBryan, J.G.
_915825
830 0 _aExedra
_v; 126
_939042
901 _aBK
942 _cLIBRO
949 _a519.2 W33Y
_bBC
_cLIBRO
_d33724000211496
_eLIBRO
_fc.2
_h55610
_i56110
_si
_t926.00
949 _a519.2 W33Y
_bBC
_cLIBRO
_d33724000669230
_eLIBRO
_h55609
_i56110
_si
_t926.00
999 _c50988
_d50988